export_success — 

Analysis of panels and limited dependent variable models in honour of G.S. Maddala /

Bibliographic Details
Corporate Author: ProQuest (Firm)
Other Authors: Hsiao, Cheng, 1943-
Format: Electronic eBook
Language:English
Published: Cambridge, [U.K.] : Cambridge University Press, 1999.
Subjects:
Online Access:Click to View
LEADER 01360nam a2200373 a 4500
001 EBC201972
003 MiAaPQ
005 20200520144314.0
006 m o d |
007 cr cn|||||||||
008 000313s1999 enka sb 011 0 eng d
010 |z  00551645  
015 |a GB98-W8319 
020 |z 0521631696 
035 |a (MiAaPQ)EBC201972 
035 |a (Au-PeEL)EBL201972 
035 |a (CaPaEBR)ebr10064300 
035 |a (CaONFJC)MIL16188 
035 |a (OCoLC)228069265 
040 |a MiAaPQ  |c MiAaPQ  |d MiAaPQ 
050 4 |a HB139  |b .A53 1999 
082 0 4 |a 330/.01/5195  |2 21 
245 0 0 |a Analysis of panels and limited dependent variable models  |h [electronic resource] :  |b in honour of G.S. Maddala /  |c edited by Cheng Hsiao ... [et.al.]. 
260 |a Cambridge, [U.K.] :  |b Cambridge University Press,  |c 1999. 
300 |a x, 338 p. :  |b ill. 
504 |a Includes bibliographic references and index. 
533 |a Electronic reproduction. Ann Arbor, MI : ProQuest, 2015. Available via World Wide Web. Access may be limited to ProQuest affiliated libraries. 
600 1 0 |a Maddala, G. S. 
650 0 |a Econometrics. 
650 0 |a Panel analysis. 
655 4 |a Electronic books. 
700 1 |a Hsiao, Cheng,  |d 1943- 
710 2 |a ProQuest (Firm) 
856 4 0 |u https://ebookcentral.proquest.com/lib/matrademy/detail.action?docID=201972  |z Click to View